Представление документа в формате MARC21

Поле Инд. ПП Название Значение
Тип записи a
Библиографический уровень m
001 Контрольный номер d722eba5-744f-40f0-8f85-b151c0c26cb4
005 Дата корректировки 20260624104057.5
008 Кодируемые данные 060428
040 a Служба первич. каталог. НБ ТвГУ
041 0_ a Код языка текста rus
084 a Индекс другой классификации/Индекс ББК У049(2)61
090 a Полочн. индекс У049(2)
x Авторский знак П37
245 10 a Заглавие Планирование размещения производительных сил СССР
b Продолж. заглавия осуществление политики КПСС на этапах соц. стр-ва : в 2 ч.
c Ответственность [редкол.: В. В. Кистанов (отв. ред.) и др.] ; Совет по изуч. производ. сил при Госплане СССР
n Номер части/ раздела Ч. 2
p Название части/ раздела Планирование размещения производительных сил на этапе развитого социализма / [В. Б. Негруца и др.]
260 0_ a Место издания Москва
b Издательство Экономика
c Дата издания 1986
300 a Объем 382, [1] с.
b Иллюстрации/ тип воспроизводства табл., [1] л. карт.
504 a Библиография Библиогр. в подстроч. примеч. - Имен. указ.: с. 378-380.
653 0_ a Ключевые слова История экономической политики КПСС
a Ключевые слова КПСС
a Ключевые слова Производительные силы СССР
a Ключевые слова Размещение и специализация производительных сил
a Ключевые слова Экономическая политика КПСС
700 1_ a Другие авторы Негруца Виктор Борисович
e Роль лиц авт.
700 1_ a Другие авторы Кистанов Виктор Васильевич
e Роль лиц отв. ред.
852 41 t Порядковый номер экземпляра 1
920 a Оператор Алекс
a Оператор Петр
952 c Вид литературы К рн
954 a Дата поступления на обработку 20060504